Die größten Städte von A-Z für ausgewählte Länder - Statistiken

Allgemein
  • Dieses Quiz wurde 129 mal gespielt
  • Das Durchschnittsergebnis liegt bei 49 aus 140
Antwortstatistiken
Land Buchstabe Antwort Einwohner % Korrekt
Deutschland B Berlin 3.700.000
98%
Deutschland M München 1.500.000
94%
Deutschland F Frankfurt am Main 760.000
93%
Deutschland H Hamburg 1.900.000
93%
Deutschland A Augsburg 300.000
92%
Deutschland D Düsseldorf 620.000
92%
Deutschland E Essen 580.000
92%
Deutschland K Köln 1.100.000
92%
Frankreich P Paris 2.133.000
92%
Deutschland C Chemnitz 243.000
89%
Deutschland N Nürnberg 510.000
89%
Frankreich L Lyon 523.000
86%
Frankreich M Marseille 874.000
86%
Deutschland S Stuttgart 626.000
86%
Deutschland J Jena 110.000
85%
Deutschland L Leipzig 600.000
85%
Vereinigtes Königreich L London 8.900.000
85%
Niederlande A Amsterdam 1.115.000
84%
Deutschland I Ingolstadt 133.000
79%
Deutschland P Potsdam 183.000
79%
Deutschland G Gelsenkirchen 260.000
78%
Vereinigtes Königreich M Manchester 470.000
78%
Niederlande R Rotterdam 840.000
78%
China P Peking 19.000.000
75%
Deutschland U Ulm 122.000
75%
Deutschland X Xanten 22.000
75%
Frankreich B Bordeaux 262.000
74%
Deutschland W Wuppertal 355.000
73%
Vereinigtes Königreich B Birmingham 1.130.000
71%
Deutschland O Oberhausen 209.000
71%
China S Shanghai 22.000.000
69%
Deutschland T Trier 120.000
69%
Deutschland Z Zwickau 92.000
66%
Vereinigtes Königreich E Edinburgh 506.000
65%
Vereinigtes Königreich G Glasgow 632.000
64%
Deutschland Q Quedlinburg 25.000
64%
Frankreich T Toulouse 505.000
64%
Frankreich N Nizza 349.000
61%
Deutschland R Rostock 208.000
61%
Niederlande D Den Haag 800.000
60%
Australien C Canberra 490.000
59%
Australien M Melbourne 4.600.000
59%
Australien S Sydney 4.700.000
59%
Niederlande E Eindhoven 300.000
58%
Niederlande U Utrecht 383.000
55%
Frankreich S Straßburg 292.000
54%
Vereinigtes Königreich C Cardiff 350.000
53%
Frankreich R Rennes 226.000
52%
Australien B Brisbane 2.300.000
49%
Deutschland V Villingen-Schwenningen 85.000
49%
Australien P Perth 2.045.000
48%
Vereinigtes Königreich A Aberdeen 197.000
47%
Australien A Adelaide 1.245.000
46%
China G Guangzhou 16.100.000
46%
China W Wuhan 11.000.000
46%
Niederlande G Groningen 2150.000
45%
China X Xian 9.400.000
44%
Vereinigtes Königreich Y York 141.000
42%
Vereinigtes Königreich S Sheffield 500.000
40%
Frankreich O Orléans 117.000
39%
Australien N Newcastle 350.000
38%
Frankreich D Dijon 160.000
36%
Vereinigtes Königreich N Nottingham 300.000
36%
Vereinigtes Königreich O Oxford 170.000
33%
Vereinigtes Königreich P Plymouth 266.000
32%
Niederlande M Maastricht 119.000
31%
Niederlande V Venlo 84.000
27%
Vereinigtes Königreich W Wolverhampton 234.000
26%
Australien D Darwin 123.000
24%
Frankreich A Angers 157.000
22%
Frankreich G Grenoble 158.000
22%
Niederlande H Haarlem 205.000
22%
China C Chengdu 13.600.000
21%
Niederlande N Nijmegen 161.000
19%
China T Tianjin 11.000.000
19%
Niederlande T Tilburg 213.000
19%
Frankreich C Clermont-Ferrand 149.000
18%
Australien G Gold Coast 672.000
18%
Vereinigtes Königreich I Ipswich 152.000
18%
China N Nanjing 7.600.000
18%
Niederlande L Leiden 270.000
15%
Vereinigtes Königreich R Reading 203.000
15%
China H Hangzhou 9.300.000
14%
Australien H Hobart 200.000
14%
Frankreich Q Quimper 63.000
14%
Niederlande B Breda 155.000
13%
China U Ürümqi 3.900.000
13%
Frankreich V Villeurbanne 157.000
13%
Vereinigtes Königreich D Derby 275.000
11%
China Q Qingdao 6.200.000
11%
Australien W Wollongong 280.000
9%
Vereinigtes Königreich K Kingston Upon Hull 270.000
8%
Vereinigtes Königreich H Huddersfield 142.000
7%
China J Jinan 5.700.000
7%
China K Kunming 5.300.000
7%
China D Dongguan 9.700.000
5%
China F Foshan 9.000.000
5%
Niederlande Z Zoetermeer 127.000
5%
China A Anshan 1.500.000
4%
Niederlande K Kampen 32.000
4%
Vereinigtes Königreich T Telford 157.000
4%
Australien T Townsville 173.000
4%
China B Baotou 2.100.000
2%
Frankreich I Issy-Les-Moulineaux 68.000
2%
China L Lanzhou 3.000.000
2%
Australien O Orange 40.000
2%
Australien R Rockhampton 63.000
2%
Niederlande W Weert 39.000
2%
Frankreich Y Yerres 29.000
2%
China Z Zibo 2.750.000
2%
Niederlande C Culemborg 27.000
1%
Australien E Echuca 20.000
1%
Frankreich E Évry-Courcouronnes 66.000
1%
China E Ezhou 200.000
1%
Frankreich F Fort-de-France 77.000
1%
Frankreich H Hyères 55.000
1%
Niederlande I Ijmuiden 117.000
1%
Niederlande O Oss 57.000
1%
Niederlande P Purmerend 82.000
1%
Vereinigtes Königreich Q Quedgeley 21.124
1%
China Y Yantai 2.300.000
1%
Vereinigtes Königreich F Farnborough 61.000
0%
Australien F Forster 14.000
0%
Australien I Inverell 10.000
0%
Vereinigtes Königreich J Jarrow 29.465
0%
Australien J Jimboomba 13.000
0%
Frankreich J Joué-lès-Tours 39.000
0%
Australien K Kalgoorlie-Boulder 30.000
0%
Frankreich K Koungou 32.000
0%
Australien L Launceston 81.000
0%
China M Mianyang 1.600.000
0%
China O Ordos 2.000.000
0%
China R Rizhao 1.200.000
0%
Niederlande S Spijkenisse 72.000
0%
Australien U Ulladulla 14.000
0%
Vereinigtes Königreich U Urmston 41.730
0%
Australien V Victor Harbor 17.000
0%
Vereinigtes Königreich V Viewpark 15.860
0%
Frankreich W Wattrelos 41.000
0%
Australien Y Yeppoon 19.000
0%
Keine übereinstimmenden Quizze gefunden
Verteilung der Resultate
Anzahl Personen mit jedem Resultat
Perzentil nach korrekt beantworteten Fragen
Ihre Resultats-Entwicklung
Sie haben dieses Quiz noch nicht gespielt